000 00958nam a2200265 a 4500
999 _c445001
_d445001
003 BLK
005 20250621113127.0
008 220215b bu |||||r|||| 00| | bu d
020 _a9789542835301
040 _aBLK
041 _aBUL
_cBUL
080 _aБългарска литература
_b821.163.2
_x-32
_z821.163.2-32
100 _91299
_aКирязов, Димитър
_eпърви автор
139 _aКирязов, Димитър
_bК 59
245 _aСветът на Ванката
_bВаканцията
_cДимитър Кирязов, Силвия Йорданова
260 _9217021
_aСофия
_bСиела Норма
_c2021
_n978-954-28-
300 _a240 с.
_c20 см
380 _aX
700 _aЙорданова, Силвия
_eсъавт.
_91445
856 _i0.00
_ldisable
942 _cKNG
_n0
_s1
_038
944 _aCR
_c2022-02-15
_k30552
_lВиолета Тройчева
999 _d445001
999 _d445001